Les personnages de Super Smash Bros. - Statistiques

Statistiques générales
  • Ce quiz a été pris 194 fois
  • Le résultat moyen est 102 sur 141
Statistiques - réponses
Personnages % Correct
Mario
100%
Luigi
96%
Peach
96%
Bowser
93%
Kirby
93%
Link
93%
Pikachu
93%
Zelda
88%
Samus
86%
Donkey Kong
85%
Fox
85%
Yoshi
84%
Sonic
83%
Rondoudou
82%
Ganondorf
81%
Wario
80%
Falco
79%
Ness
79%
Marth
78%
Diddy Kong
77%
Mewtwo
77%
Captain Falcon
76%
Dracaufeu
76%
Samus sans armure
72%
Lucas
71%
Meta Knight
71%
Ike
70%
Lucario
70%
Sheik
69%
Pit
68%
Roy (Fire Emblem)
68%
Roy (Koopalings)
68%
Link Cartoon
67%
Roi DaDiDou
67%
Carapuce
64%
Bowser Jr.
63%
Herbizarre
61%
Olimar
61%
Snake
61%
Wolf
61%
Mr. Game & Watch
59%
R.O.B.
59%
Dr. Mario
58%
Mega Man
58%
Pichu
58%
Amphinobi
56%
Pac-Man
56%
Palutena
56%
Harmonie & Luma
54%
Ice Climbers
54%
Ryu
54%
Lucina
53%
Bayonetta
51%
Link Enfant
51%
Mii
50%
Villageois
50%
Entraîneuse Wii Fit
46%
Cloud
45%
Pit maléfique
45%
Little Mac
44%
Duo Duck Hunt
43%
Shulk
41%
Daraen
39%
Corrin
33%
Wendy
28%
Iggy
26%
Larry
26%
Ludwig
26%
Morton
25%
Lemmy
24%
Alph
17%
Aucun quiz correspondant
Distribution des résultats
% des personnes avec chaque résultat
Percentile par nombre de réponses
Votre historique - résultats
Vous n’avez pas pris ce quiz